| 000 | 00805pam a2200241 a 4500 | ||
|---|---|---|---|
| 001 | 3487164 | ||
| 005 | 20250221200025.0 | ||
| 008 | 940624s1995 maua bf 001 0 eng c | ||
| 020 | _a9780316434393 | ||
| 050 | 0 | 0 |
_aRD732.5 _b.I96 1995 |
| 082 | 0 | 0 |
_a617.3 _220 |
| 100 | 1 | _aIversen, Larry D. | |
| 245 | 1 | 0 |
_aManual of acute orthopaedic therapeutics / _cLarry D. Iversen, Marc F. Swiontkowski. |
| 250 | _a4th ed. | ||
| 260 |
_aBoston : _bLittle, Brown and Company _cc1995. |
||
| 300 |
_avii, 351 p. : _bill. ; _c22 cm. |
||
| 650 | 0 |
_aOrthopedics _xHandbooks, manuals, etc. |
|
| 650 | 0 |
_aMusculoskeletal system _xWounds and injuries _xHandbooks, manuals, etc. |
|
| 650 | 0 |
_aFractures _xHandbooks, manuals, etc. |
|
| 650 | 2 | _aOrthopedics. | |
| 700 | 1 | _aSwiontkowski, Marc F. | |
| 942 |
_2lcc _cBK _e4th ed. _n0 |
||
| 999 |
_c4076 _d4076 |
||